000 00887cam a22002897a 4500
003 CHAP
005 20220329135109.0
008 971013s1972 r 00010 d
010 _a30866
011 _a31838
035 _a35950
040 _cCHAP
082 _a506.9
_bN3
245 1 4 _aThe naturalists' directory international
260 _aSouth Orange, N. J. :
_bPCL Publications,
_c1972
300 _av.
500 _a-- -- Suplemento
590 _aBATCH-UPD
_b10
_c20130110
_lUCH01
_h0039
590 _aBATCH-UPD
_b10
_c20130409
_lUCH01
_h2024
590 _aBATCH-UPD
_b10
_c20130914
_lUCH01
_h0938
590 _aCONVERSION
_b10
_c20130109
_lUCH01
_h1317
650 1 4 _aCientíficos
_xDirectorios.
_923250
901 _aBK
942 _cLIBRO
949 _a506.9 N3 1972
_bBC
_cC
_d-82987
_eC
_fSupl
_h32763
_i35950
_si
949 _a506.9 N3 1972
_bBC
_cC
_d33724000534400
_eC
_h16939
_i35950
_si
999 _c30866
_d30866